El manual de chakras : (Registro nro. 7135)

000 -CABECERA
campo de control de longitud fija 00837nam a2200253 a 4500
001 - NÚMERO DE CONTROL
campo de control 000057874
005 - FECHA Y HORA DE LA ÚLTIMA TRANSACCIÓN
campo de control 20200120223813.0
008 - DATOS DE LONGITUD FIJA--INFORMACIÓN GENERAL
campo de control de longitud fija 090624s2006 ck a gr 000 0 spa d
020 ## - NÚMERO INTERNACIONAL ESTÁNDAR DEL LIBRO
Número Internacional Estándar del Libro 9789583017186.
041 0# - CÓDIGO DE LENGUA
Código de lengua del texto/banda sonora o título independiente /spa
082 04 - NÚMERO DE LA CLASIFICACIÓN DECIMAL DEWEY
Número de clasificación 181.45
Número de documento/Ítem V64
Número de edición 21
100 1# - ENTRADA PRINCIPAL--NOMBRE DE PERSONA
Nombre de persona Voigt, Anna
245 10 - MENCIÓN DE TÍTULO
Título El manual de chakras :
Resto del título guía paso a paso para equilibrar las energías vitales de su cuerpo /
Mención de responsabilidad, etc. Anna Voigt ; traducción Marisa Ilona Schimid.
250 ## - MENCIÓN DE EDICIÓN
Mención de edición 1a. ed.
260 ## - PUBLICACIÓN, DISTRIBUCIÓN, ETC.
Lugar de publicación, distribución, etc. Bogotá :
Nombre del editor, distribuidor, etc. Panamericana,
Fecha de publicación, distribución, etc. 2006.
300 ## - DESCRIPCIÓN FÍSICA
Extensión 192 p :
Otras características físicas il.
500 ## - NOTA GENERAL
Nota general Título original : The Chakra Workbook
500 ## - NOTA GENERAL
Nota general 1a. reimpresión, del año 2008.
650 17 - PUNTO DE ACCESO ADICIONAL DE MATERIA--TÉRMINO DE MATERIA
Término de materia o nombre geográfico como elemento de entrada Terapias alternativas
Fuente del encabezamiento o término LEMB.
650 27 - PUNTO DE ACCESO ADICIONAL DE MATERIA--TÉRMINO DE MATERIA
Término de materia o nombre geográfico como elemento de entrada Yoga
Fuente del encabezamiento o término LEMB.
650 27 - PUNTO DE ACCESO ADICIONAL DE MATERIA--TÉRMINO DE MATERIA
Término de materia o nombre geográfico como elemento de entrada Mente y cerebro
Fuente del encabezamiento o término LEMB.
650 27 - PUNTO DE ACCESO ADICIONAL DE MATERIA--TÉRMINO DE MATERIA
Término de materia o nombre geográfico como elemento de entrada Energía mental
Fuente del encabezamiento o término LEMB.
700 1# - PUNTO DE ACCESO ADICIONAL--NOMBRE DE PERSONA
Nombre de persona Schimid, Marisa Ilona.
Término indicativo de función/relación traducción.
Existencias
Estado de retiro Estado de pérdida Fuente del sistema de clasificación o colocación Estado dañado No para préstamo Código de colección Localización permanente Ubicación/localización actual Fecha de adquisición Total de préstamos Signatura topográfica completa Código de barras Fecha visto por última vez Número de copia Precio válido a partir de Tipo de ítem Koha Nota pública
          Colección General Biblioteca Pública San Juan Bosco Biblioteca Pública San Juan Bosco 20/01/2020   181.45V64 MOS011925 20/01/2020 ej.1 20/01/2020 Libro Ocho días
          Colección General Biblioteca Pública San Juan Bosco Biblioteca Pública San Juan Bosco 20/01/2020   181.45V64 MOS011926 20/01/2020 ej.2 20/01/2020 Libro Ocho días
          Colección General Biblioteca Pública San Juan Bosco Biblioteca Pública San Juan Bosco 20/01/2020   181.45V64 MOS011927 20/01/2020 ej.3 20/01/2020 Libro Ocho días

© Todos los derechos reservados para la Biblioteca Pública Municipal San Juan Bosco, 2020
Secretaria de Cultura de Mosquera
Carrera 3 N° 10 Esquina Centro Cultural Barrio El Carmén Teléfono: 8270830 Ext: 34
Funcionando con KOHA
Contacto: Biblioteca Pública Municipal San Juan Bosco/ bibliotecasanjuanbosco@mosquera-cundinamarca.gov.co
Mosquera, Cundinamarca